Central Library OPAC University of Rajshahi

Economic analysis for health service efficiency : (Record no. 42806)

MARC details
000 -LEADER
fixed length control field 00832nam a2200253 a 4500
001 - CONTROL NUMBER
control field 42806
003 - CONTROL NUMBER IDENTIFIER
rucl marc code BD-RjUL
005 - DATE AND TIME OF LATEST TRANSACTION
control field 20211209053609.0
008 - FIXED-LENGTH DATA ELEMENTS--GENERAL INFORMATION
fixed length control field 160616s1967 ne a b 00110 eng d
035 ## - SYSTEM CONTROL NUMBER
System control number (BD-RjUL)42924
System control number 2229898
040 ## - CATALOGING SOURCE
Original cataloging agency ANL
Language of cataloging eng
Modifying agency ANL
-- BD-RjUL
Transcribing agency BD-RjUL
041 ## - LANGUAGE CODE
Language code of text/sound track or separate title eng
082 0# - DEWEY DECIMAL CLASSIFICATION NUMBER
Classification number 614.0942
Edition number 23
Author mark and year FEE 1967
100 1# - MAIN ENTRY--PERSONAL NAME
Personal name Feldstein, Martin S.
9 (RLIN) 131550
245 10 - TITLE STATEMENT
Title Economic analysis for health service efficiency :
Remainder of title econometric studies of the British National Health Service /
Statement of responsibility, etc. Martin S. Feldstein.
260 ## - PUBLICATION, DISTRIBUTION, ETC. (IMPRINT)
Place of publication, distribution, etc. Amsterdam :
Name of publisher, distributor, etc. North Holland,
Date of publication, distribution, etc. 1967.
300 ## - PHYSICAL DESCRIPTION
Pagination xi, 322 p. :
Illustrations ill ;
Size 24 cm.
500 ## - GENERAL NOTE
General note Index
504 ## - BIBLIOGRAPHY, ETC. NOTE
Bibliography, etc Bibliography
610 20 - SUBJECT ADDED ENTRY--CORPORATE NAME
Corporate name or jurisdiction name as entry element National Health Service (Great Britain)
942 ## - ADDED ENTRY ELEMENTS (KOHA)
Source of classification or shelving scheme Dewey Decimal Classification
Koha item type Books
Holdings
Lost status Source of classification or shelving scheme Damaged status Not for loan Collection code Permanent Location Current Location Shelving location Date acquired Source of acquisition Total Checkouts Full call number Date last seen Copy number Koha item type
  Dewey Decimal Classification     Non-fiction Central Library, University of Rajshahi Central Library, University of Rajshahi   03/04/1974 Netherland   614.0942 FEE 1967 16/06/2016 C-2 Books